República dominicana : clases, crisis y comandos /

Guardado en:
Autor Principal: Franco, Franklin J.
Formato: Libro
Publicado: La Habana : Casa de las Américas, 1966
Materias:
Etiquetas: Agregar Etiqueta
Sin Etiquetas, Sea el primero en etiquetar este registro!
LEADER 00653nam a22001815a 4500
001 EHU.bham045255
003 AR-BHAM
005 20180626091900.0
008 130507s1966##################000#0#####d
082 9 7 |a 972.93 
100 1 |a Franco, Franklin J. 
245 1 0 |a República dominicana :  |b clases, crisis y comandos /  |c  Franklin J. Franco 
260 |a La Habana :  |b Casa de las Américas,  |c 1966 
300 |a 270 p. 
500 |a Premio Ensayo 1966, Casa de las Américas. 
653 |a República dominicana-historia y política de 
653 |a Sociología latinoamericana-república dominicana 
859 |a AR-BHAM  |b BIB. HUMANIDADES - General  |h 972.93  |i F848  |p 161.18  |t Ej.1